[Event "Pristina Nderkombetar op"]
[Site "Pristina"]
[Date "2022.06.17"]
[Round "1"]
[White "Blakqori, Murat"]
[Black "Cerkini, Jeton"]
[Result "1/2-1/2"]
[WhiteElo "1786"]
[BlackElo "2133"]
[PlyCount "157"]
[EventDate "2022.06.17"]
[EventType "swiss"]
[EventRounds "9"]
[EventCountry "KOS"]
[SourceTitle "CBM 209 Extra"]
[Source "ChessBase"]
[SourceDate "2022.09.30"]
[SourceVersion "1"]
[SourceVersionDate "2022.09.30"]
[SourceQuality "1"]

1. c4 e6 2. d4 d5 3. cxd5 exd5 4. Nc3 Nf6 5. Bf4 Bd6 6. Bxd6 Qxd6 7. e3 a6 8. Bd3 0-0 9. Nge2 Bg4 10. Qb3 Nbd7 11. Ng3 b6 12. h3 Be6 13. Nf5 Bxf5 14. Bxf5 c6 15. 0-0 g6 16. Bxd7 Nxd7 17. Rad1 Rfe8 18. Rfe1 b5 19. Ne2 Nf6 20. Nf4 a5 21. Nd3 Ne4 22. Qc2 Rac8 23. f3 Ng5 24. Nc5 Qg3 25. Kf1 Re7 26. Qf2 Qh2 27. Qg1 Qd6 28. Qf2 Rce8 29. Rd2 Qh2 30. Rde2 h6 31. Qh4 Kg7 32. f4 Ne4 33. Nxe4 Rxe4 34. g3 g5 35. Qg4 f5 36. Qh5 Qh1+ 37. Kf2 Qh2+ 38. Kf3 g4+ 39. hxg4 Qxh5 40. gxh5 Kf6 41. Rg1 Rg8 42. Rc2 Re6 43. Rgc1 Rc8 44. Rc5 a4 45. Rxb5 Rce8 46. Rb6 Rxe3+ 47. Kg2 Re2+ 48. Kh3 R8e6 49. Rcxc6 Rxc6 50. Rxc6+ Kg7 51. Ra6 Rxb2 52. Rxa4 Rd2 53. g4 Rd3+ 54. Kh4 Rf3 55. gxf5 Rxf4+ 56. Kg3 Rxf5 57. Ra5 Rxh5 58. a4 Kf6 59. Rb5 Ke6 60. a5 Rh1 61. a6 Ra1 62. Rb6+ Kf5 63. Rxh6 Ke4 64. Rh4+ Kd3 65. Rh6 Kxd4 66. Kf4 Rf1+ 67. Kg3 Rf7 68. Rd6 Kc5 69. Rd8 Ra7 70. Rc8+ Kd6 71. Rd8+ Kc6 72. Rc8+ Kd7 73. Rc5 Kd6 74. Ra5 Ke5 75. Kf3 Kd4 76. Ke2 Kc4 77. Kd2 d4 78. Ra4+ Kc5 79. Kd3 1/2-1/2